00323nam a2200109Ia 4500008004000000082001500040100001900055245004200074260004800116300001100164650003800175210210b2005 xxu||||| |||| 00| 0 eng d a589.2 BENO aBENNETT (F T). aOutlines of fungi and plant diseases. aNew DelhibSrishti book distributorsc2005 axi,254 aFungi Plant Diseases Horticulture